000 01475cam a22004334i 4500
003 PE-LiUPU
005 20250731173445.0
008 150616s1967 ag a r 000 0 spa d
035 _a(Sirsi) a5861
040 _aPE-LiUPU
_bspa
_cPE-LiUPU
_erda
049 _aPRUA
082 0 4 _a270.6
_bW78
_221
100 1 _aWitthaus, Carlos,
_eautor.
245 1 0 _aObras de Martín Lutero :
_n1 /
_bCarlos Witthaus.
264 1 _aBuenos Aires :
_bEditorial Paidós,
_c1967.
300 _a355 páginas :
_bIlustraciones (fotos) ;
_c24 centímetros.
336 _atext
_2rdacontent
337 _aunmediated
_2rdamedia
338 _avolume
_2rdacarrier
490 0 _aClásicos de la Religión ;
_v1
505 0 _aDiscusión acerca del valor de las indulgencias.- Las indulgencias y la gracia.- Disputación y defensa de Fray Martín Lutero.- A la nobleza cristiana de la nación alemana.- Carta al Papa León X.
526 _aSEG42
526 _aSEG41
526 _aSEG40
526 _aSEG39
526 _aP94
526 _aP87
526 _aP86
526 _aP85
526 _aP77
526 _aP76
526 _aP35
600 0 _aLutero, Martín
_d1483-1546
_91632
_xPensamiento.
910 _ajck
942 _2ddc
_cBK
949 _a270.6 W78 1
_wDEWEY
_c1
_i28869
_lCCODEBUL1
_mBUL
_p10.00
_r0
_sY
_tBOOK
_u19950918
_xTEOLOGIA
_zUNKNOWN
_0COMPRA
_o.STAFF. Colección Teología
999 _c56934
_d56934
980 _81
_gALBERTO SANCHEZ Responsable de Automatización